| 000 | 00611nam a2200181Ia 4500 | ||
|---|---|---|---|
| 008 | 090124s9999 xx 000 0 und d | ||
| 082 | _b13206 | ||
| 100 | _aडांगळे अर्जुन | ||
| 245 | _a ुउध्वस्त क्षितिज | ||
| 250 | _a1 | ||
| 260 |
_bग्रंथाली प्रकाशन _c1976 |
||
| 300 | _a88 | ||
| 600 | _aडांगळे अर्जुन | ||
| 630 | _a ुउध्वस्त क्षितिज | ||
| 700 | _aडांगळे अर्जुन | ||
| 730 | _a ुउध्वस्त क्षितिज | ||
| 942 | _cBOOK | ||
| 999 |
_c87445 _d87445 |
||